<?xml version="1.0" encoding="UTF-8"?>
<collection xmlns="http://www.loc.gov/MARC21/slim">
 <record>
  <leader>00636pamaa2200181   4500</leader>
  <controlfield tag="001">0000031148</controlfield>
  <controlfield tag="005">20091202090000.0</controlfield>
  <datafield tag="020" ind1="0" ind2="0">
   <subfield code="a">0130208027 </subfield>
  </datafield>
  <datafield tag="082" ind1=" " ind2=" ">
   <subfield code="a">808.51 DAL</subfield>
  </datafield>
  <datafield tag="090" ind1="0" ind2="0">
   <subfield code="a">PE1074.8 </subfield>
   <subfield code="b">DAL 2000</subfield>
  </datafield>
  <datafield tag="100" ind1="1" ind2="0">
   <subfield code="a">Dale </subfield>
  </datafield>
  <datafield tag="245" ind1="1" ind2="0">
   <subfield code="a">Speech communication made simple : </subfield>
   <subfield code="b">a multicultural perspective : </subfield>
   <subfield code="b">a multicultural perspective : </subfield>
   <subfield code="b">teacher's manual  </subfield>
   <subfield code="c">Paulette Dale and James C. Wolf.</subfield>
  </datafield>
  <datafield tag="250" ind1="0" ind2="0">
   <subfield code="a">2nd ed.</subfield>
  </datafield>
  <datafield tag="260" ind1="0" ind2="0">
   <subfield code="a">New York: </subfield>
   <subfield code="b">Addison-Wesley, </subfield>
   <subfield code="c">2000.</subfield>
  </datafield>
  <datafield tag="300" ind1=" " ind2=" ">
   <subfield code="a">vi, 50p.; </subfield>
   <subfield code="c">26cm.</subfield>
  </datafield>
  <datafield tag="650" ind1="0" ind2="0">
   <subfield code="a">Public speaking -- </subfield>
   <subfield code="x">Problems, exercises, etc. </subfield>
  </datafield>
  <datafield tag="650" ind1="0" ind2="0">
   <subfield code="a">Oral communication -- </subfield>
   <subfield code="x">Problems, exercises, etc. </subfield>
  </datafield>
  <datafield tag="700" ind1="1" ind2="1">
   <subfield code="a">Wolf, </subfield>
   <subfield code="h">James C. </subfield>
  </datafield>
 </record>
</collection>
